Aquatic pollution : an introductory text (Record no. 63518)

000 -LEADER
fixed length control field 00529nam a22001937a 4500
003 - CONTROL NUMBER IDENTIFIER
control field NUST - PNEC
005 - DATE AND TIME OF LATEST TRANSACTION
control field 20170116180815.0
008 - FIXED-LENGTH DATA ELEMENTS--GENERAL INFORMATION
fixed length control field 150520b xxu||||| |||| 00| 0 eng d
020 ## - INTERNATIONAL STANDARD BOOK NUMBER
International Standard Book Number 0471534579
040 ## - CATALOGING SOURCE
Transcribing agency LIBRARY
082 ## - DEWEY DECIMAL CLASSIFICATION NUMBER
Classification number 628.168 LAW
100 ## - MAIN ENTRY--PERSONAL NAME
9 (RLIN) 3646
Personal name Laws, Edward A.
245 ## - TITLE STATEMENT
Title Aquatic pollution : an introductory text
Statement of responsibility, etc. Edward A. Laws
250 ## - EDITION STATEMENT
Edition statement 2nd ed
260 ## - PUBLICATION, DISTRIBUTION, ETC.
Place of publication, distribution, etc. New York
Name of publisher, distributor, etc. John Wiley and Sons, INC
Date of publication, distribution, etc. c1993.
300 ## - PHYSICAL DESCRIPTION
Extent 611 p. :
650 ## - SUBJECT ADDED ENTRY--TOPICAL TERM
9 (RLIN) 3648
Topical term or geographic name entry element Water--Pollution
General subdivision General
942 ## - ADDED ENTRY ELEMENTS (KOHA)
Source of classification or shelving scheme
Koha item type Book
Holdings
Withdrawn status Lost status Source of classification or shelving scheme Damaged status Not for loan Permanent Location Current Location Shelving location Date acquired Source of acquisition Cost, normal purchase price Total Checkouts Full call number Barcode Date last seen Cost, replacement price Price effective from Koha item type
          Pakistan Navy Engineering College (PNEC) Pakistan Navy Engineering College (PNEC)   05/17/1994 M/S Kashif Book Stall 500.00   628.168 LAW PNECLIB-017489 05/20/2015 500.00 05/17/1994 Book
© 2023 Central Library, National University of Sciences and Technology. All Rights Reserved.